00598nam a2200181Ia 4500008004100000082001700041100001600058245002200074250000800096260002900104300000800133500002400141650001500165942000700180952010600187952010600293999001700399230524s9999 xx 000 0 und d a621.317bKUM aSunil Kumar 0aPower Electronics a1ST aNEW DELHIbKatariac2004 a391 aQuantity Number: 2 aElectrical cBK 00104070aTATCLbTATCLcGENd2023-05-24l0o621.317 KUMp5999r2023-05-24w2023-05-24yBKzCPES5203 00104070aTATCLbTATCLcGENd2023-05-24l0o621.317 KUMp6000r2023-05-24w2023-05-24yBKzCPES5203 c13876d13876